=LDR 00000nam 2200000 4500 =001 INLIS000000000029453 =005 20130612131703 =008 ***********************************ind** =035 ##$$0010-061300000029453 =041 ##$$a ind =082 ##$$a 658.409 2 =090 ##$$a 658.409 2, COL b =100 ##$$a Collis, Jack =245 ##$$a Bekerja lebih pintar bukan lebih keras, Jack Collis =260 ##$$a 1997 $b Solo =300 ##$$a 315 hlm., 21 cm =650 ##$$a Keterampilan Hidup =700 ##$$a LeBoeuf, Michael =850 ##$$a NBPNMAT